| 000 | 00981cam a22003135a 4500 | ||
|---|---|---|---|
| 999 |
_c27180 _d27152 |
||
| 001 | 016460814 | ||
| 003 | EG-ScBUE | ||
| 005 | 20190219104943.0 | ||
| 008 | 130703t2019 nyua frb 001 0 eng d | ||
| 015 |
_aGBB365411 _2bnb |
||
| 016 | 7 |
_a016460814 _2Uk |
|
| 020 | _a9781260084771 | ||
| 020 | _a1260084779 | ||
| 040 |
_aStDuBDS _beng _cStDuBDS _dUk _dEG-ScBUE |
||
| 082 | 0 | 4 |
_a658.85 _bCAS _222 |
| 100 | 1 |
_aCastleberry, Stephen Bryon. _926211 |
|
| 245 | 1 | 0 |
_aSelling : _bbuilding partnerships / _cStephen B. Castleberry, John F. Tanner. |
| 250 | _a10th ed., International student ed. | ||
| 260 |
_aNew York : _bMc-Graw Hill Education, _cc.2019. |
||
| 300 |
_a1 v. (various pagings) : _bill. (col.) ; _c28 cm. |
||
| 504 | _aIncludes bibliographical references and index. | ||
| 650 | 7 |
_aSelling. _2BUEsh |
|
| 650 | 7 |
_aRelationship marketing. _2BUEsh |
|
| 651 | _2BUEsh | ||
| 653 |
_bBUSADM _cFebruary2019 |
||
| 655 | _vText book | ||
| 700 | 1 | _aTanner, John F. | |
| 942 | _2ddc | ||